Statistics for 2018 AFL Player Nicknames

Click here to take the quiz!

General Stats

  • This quiz has been taken 204 times
  • The average score is 32 of 92

Answer Stats

HintAnswer% Correct
TexAdelaide CrowsTaylor Walker
96%
SloaneyAdelaide CrowsRory Sloane
91%
ZorksBrisbane LionsDayne Zorko
91%
TomahawkGeelongTom Hawkins
82%
DangerGeelongPatrick Dangerfield
81%
SeedsAdelaide CrowsPaul Seedsman
80%
PendlesCollingwoodScott Pendlebury
80%
GazzaGeelongGary Ablett
79%
BeamaBrisbane LionsDayne Beams
77%
American PieCollingwoodMason Cox
77%
GovAdelaide CrowsMitch McGovern
76%
DaisyCarltonDale Thomas
76%
DustyRichmondDustin Martin
73%
BuddySydney SwansLance Franklin
71%
The PackageEssendonJake Stringer
69%
GoldyNorth MelbourneTodd Goldstein
67%
The BontWestern BulldogsMarcus Bontempelli
63%
SmithersAdelaide CrowsBrodie Smith
61%
Nank The TankRichmondToby Nankervis
59%
JJAdelaide CrowsJosh Jenkins
56%
J-CadRichmondJosh Caddy
56%
PeppersPort AdelaideSam Powell-Pepper
53%
GreshSt KildaJade Gresham
53%
NewnesySt KildaJack Newnes
51%
RockyPort AdelaideTom Rockliff
50%
GriggerRichmondShaun Grigg
50%
Big BoyHawthornBen McEvoy
50%
ZebusNorth MelbourneJack Ziebell
47%
2 Metre PeterGold CoastPeter Wright
47%
TalsAdelaide CrowsDaniel Talia
47%
LibbaWestern BulldogsTom Liberatore
46%
SilkHawthornShaun Burgoyne
45%
BlitzGeelongMark Blicavs
45%
HeaterGWS GiantsHeath Shaw
45%
Nic NatWest CoastNic Naitanui
44%
ScooterGeelongScott Selwood
40%
LeccaWest CoastMark LeCras
38%
The Human MeatballRichmondDion Prestia
38%
DBJPort AdelaideDarcy Byrne-Jones
38%
HammerPort AdelaideHamish Hartlett
37%
KedgeCarltonSam Kerridge
37%
CDWestern BulldogsCaleb Daniel
35%
Razzle DazzleEssendonOrazio Fantasia
33%
JezzaGWS GiantsJeremy Cameron
32%
WallaEssendonAnthony McDonald-Tipungwuti
32%
Son SonFremantleMichael Walters
32%
LidsGWS GiantsBrett Deledio
30%
GriffGWS GiantsRyan Griffen
29%
JuniorHawthornCyril Rioli
29%
JKHMelbourneJay Kennedy-Harris
26%
BeardswaterPort AdelaideJustin Westhoff
25%
BillyCollingwoodJamie Elliot
25%
J-MacNorth MelbourneJamie Macmillan
24%
The PelicanSydney SwansLewis Melican
23%
ChunkMelbourneNathan Jones
20%
GaloreCollingwoodAdam Treloar
20%
RatAdelaide CrowsRory Atkins
19%
LobsterCarltonMatthew Lobbe
19%
EelBrisbane LionsEric Hipwood
18%
ShoeyHawthornRyan Schoenmakers
17%
ChipHawthornJames Frawley
17%
HulkMelbourneJesse Hogan
16%
PugHawthornPaul Puopolo
16%
DeanoSydney SwansDean Towers
15%
J-LoSydney SwansJake Lloyd
14%
Beast ModeBrisbane LionsRhys Mathieson
14%
SpitterNorth MelbourneAndrew Swallow
14%
BarraFremantleDavid Mundy
14%
TitchRichmondShane Edwards
13%
UncleGWS GiantsToby Greene
13%
RegSydney SwansHeath Grundy
11%
JLGold CoastJarryd Lyons
10%
PunkyHawthornLuke Breust
10%
ChuckyBrisbane LionsCharlie Cameron
10%
EasyWest CoastEric Mackenzie
9%
The CannonGold CoastTrent McKenzie
8%
Iron FistWest CoastTom Barrass
6%
FlidGeelongMitch Duncan
6%
MeisterHawthornJaeger O'Meara
6%
Top GunSt KildaMaverick Weller
5%
BoogieAdelaide CrowsRiley Knight
4%
PowersSt KildaLogan Austin
4%
BrogsyPort AdelaideMatthew Broadbent
4%
ChandeSydney SwansAliir Aliir
2%
CrayfishSydney SwansSam Naismith
2%
21St KildaShane Savage
2%
SnipperRichmondAnthony Miles
2%
AnGold CoastTouk Miller
2%
ApplesGWS GiantsAidan Corr
2%
PollyWest CoastBrendon Ah Chee
0%
ChopsWest CoastTom Lamb
0%
TiggerRichmondNick Vlaustuin
0%

Score Distribution

Percentile by Number Answered

Percent of People with Each Score

Your Score History

You have not taken this quiz